मंदिर का रहस्य / (Record no. 204280)
[ view plain ]
| 000 -LEADER | |
|---|---|
| fixed length control field | 00786nam a22001817a 4500 |
| 005 - DATE AND TIME OF LATEST TRANSACTION | |
| control field | 20240722170237.0 |
| 010 ## - LCCN (DPL NO) | |
| LC control number | B-760085 |
| 020 ## - INTERNATIONAL STANDARD BOOK NUMBER | |
| International Standard Book Number | 9789392829376 |
| Terms of availability | 149.00 |
| 035 ## - SYSTEM CONTROL NUMBER | |
| System control number | B-760085 |
| 082 ## - DEWEY DECIMAL CLASSIFICATION NUMBER | |
| Classification number | उ |
| 100 ## - MAIN ENTRY--PERSONAL NAME | |
| Personal name | वाजपेयी, सुमन |
| 245 ## - TITLE STATEMENT | |
| Title | मंदिर का रहस्य / |
| Statement of responsibility, etc | सुमन वाजपेयी |
| 260 ## - PUBLICATION, DISTRIBUTION, ETC. (IMPRINT) | |
| Place of publication, distribution, etc | हरियाणा |
| Name of publisher, distributor, etc | साहित्य विमर्श प्रकाशन |
| Date of publication, distribution, etc | 2022 |
| 270 ## - ADDRESS | |
| Address | 987, सेक्टर 09, गुरुग्राम |
| City | हरियाणा |
| Postal code | 122006 |
| 300 ## - PHYSICAL DESCRIPTION | |
| Extent | 107पृष्ठ |
| Dimensions | 22सेमी.(अजिल्द) |
| 942 ## - ADDED ENTRY ELEMENTS (KOHA) | |
| Source of classification or shelving scheme | Dewey Decimal Classification |
| Item type | Children Books |
| Call number suffix | वाजपे |
| Classification part | क |
| Withdrawn status | Lost status | Not for loan | Collection code | Home library | Current library | Date acquired | Source of acquisition | Cost, normal purchase price | Full call number | Barcode | Copy number | Cost, replacement price | Koha item type | Public note |
|---|---|---|---|---|---|---|---|---|---|---|---|---|---|---|
| Fiction | Kadipur | Kadipur | 22/07/2024 | उपहार /19.07.2024 | 149.00 | वाजपे क | B-760085 | 1 | 149.00 | Children Books | उपहार |
